| 000 | 00824nam a2200265 i 4500 | ||
|---|---|---|---|
| 001 | 14581 | ||
| 003 | ES-MaACL | ||
| 005 | 20230906150838.0 | ||
| 007 | t| | ||
| 008 | 990427s1978 sp ||||1| spa d | ||
| 020 | _a84-344-8332-7 | ||
| 080 | _a892.7-13.09 | ||
| 080 | _a821.143.2-13.09 | ||
| 100 | 1 |
_aGalmés de Fuentes, Alvaro. _953660 |
|
| 245 | 1 | 0 |
_aEpica árabe y épica castellana / _cAlvaro Galmés de Fuentes. |
| 250 | _a1ª ed. | ||
| 260 |
_aBarcelona : _bAriel, _c1978. |
||
| 300 |
_a171 p. ; _c18 cm. |
||
| 490 | 1 |
_aLetras e ideas. Minor ; _v8 |
|
| 650 | 1 | 4 |
_aPoesía épica árabe- _xHistoria y crítica. _916162 |
| 650 | 4 |
_aPoesía épica española- _xHistoria y crítica. _916163 |
|
| 830 | 0 |
_aLetras e ideas. Minor ; _v8 _9184970 |
|
| 852 |
_aES-MaACL _jL-21776 _bR.126137 |
||
| 999 |
_c14581 _d14581 |
||